| 000 | 00497nam a22001817a 4500 | ||
|---|---|---|---|
| 003 | CEME | ||
| 005 | 20210628202240.0 | ||
| 008 | 210113b xxu||||| |||| 00| 0 eng d | ||
| 020 | _a9788131519530 | ||
| 040 | _c. | ||
| 082 | _a610.2805 CHA | ||
| 100 |
_aChatterjee, Shakti, Miller, Aubert _958991 |
||
| 245 | _aBiomedical instrumentation systems | ||
| 260 |
_aINDIA _bCENGAGE LEARNING _c2010 |
||
| 300 | _aXVII, 685P | ||
| 650 |
_aBIOMEDICAL INSTRUMENTATION SYSTEMS _958992 |
||
| 942 |
_cBK _2ddc |
||
| 999 |
_c569050 _d569050 |
||